Una travesía memorable: hallazgo y navegación del Estrecho de Magallanes (21 octubre - 28 noviembre 1520)

Salvato in:
Dettagli Bibliografici
Autore principale: Martinic Beros, Mateo (autor)
Natura: Libro
Lingua:spagnolo
Pubblicazione: Punta Arenas, Chile Prensa Austral 2016
Edizione:Primera edición
Soggetti:
Tags: Aggiungi Tag
Nessun Tag, puoi essere il primo ad aggiungerne!!

MARC

LEADER 00000cam a2200000 a 4500
001 UCC0377
003 CL-VaPUC
005 20241018110726.0
008 170811e20160000cl |||||||||||||||||spa|d
999 |c 369229  |d 369227 
020 |a 9789569187025 
040 |c Pontificia Universidad Católica de Valparaíso 
082 0 4 |a 983.01 MAR 2016  |2 21 
100 |a Martinic Beros, Mateo  |e autor  |9 315280 
245 1 4 |a Una travesía memorable:  |b  hallazgo y navegación del Estrecho de Magallanes (21 octubre - 28 noviembre 1520) 
250 |a Primera edición 
260 |a Punta Arenas, Chile  |b Prensa Austral  |c 2016 
300 |a 241 páginas 
583 |a last modification  |c 20170811 15:21:00  |k Rodrigo Vera 
650 0 |a Historia de Chile siglo 16  |y SIGLO 16  |9 368844 
650 7 |a DESCUBRIMIENTO DE CHILE  |2 CL-VaPUC  |9 594317 
651 0 |a Estrecho de Magallanes  |z CHILE  |9 354479 
852 |a BIBCUR 
942 |c BK  |2 ddc 
945 |d 20170811 15:21:00  |a dcastane 
952 |0 0  |1 0  |2 ddc  |3 erb  |4 0  |6 983_010000000000000_MAR_2016  |7 0  |8 A  |9 484870  |a BIBHIS  |b BIBHIS  |i 5413362  |o 983.01 MAR 2016  |p 5413362  |r 2025-01-20  |t 1  |w 2019-11-24  |y BK  |z Catalogado en:20170811  |k HIS